Lengua literaria y norma lingüística (Record no. 89244)

MARC details
000 -LEADER
campo de control de longitud fija 00897nam a2200205 i 4500
001 - NÚMERO DE CONTROL
campo de control 89244
003 - IDENTIFICADOR DE NÚMERO DE CONTROL
campo de control ES-MaACL
005 - FECHA Y HORA DE LA ÚLTIMA TRANSACCIÓN
campo de control 20251014063137.0
007 - CAMPO FIJO DE DESCRIPCIÓN FÍSICA--INFORMACIÓN GENERAL
campo de control de longitud fija t|
008 - DATOS DE LONGITUD FIJA--INFORMACIÓN GENERAL
campo de control de longitud fija 200910s1960 sp |||| | spa d
100 1# - ENTRADA PRINCIPAL--NOMBRE DE PERSONA
Nombre de persona Fernández Ramírez, Salvador,
Fechas asociadas al nombre 1896-1983
9 (RLIN) 50022
245 13 - MENCIÓN DEL TÍTULO
Título Lengua literaria y norma lingüística
Resto del título : discurso leído el día 29 de mayo de 1960, en su recepción pública, /
Mención de responsabilidad, etc. por el Excmo. Sr. don Salvador Fernández Ramírez y contestación del Excmo. Sr. don José María Pemán y Pemartín-- Madrid : [s.n.], 1960 (Madrid : S. Aguirre Torre).
260 ## - PUBLICACIÓN, DISTRIBUCIÓN, ETC.
Lugar de publicación, distribución, etc. Madrid :
Nombre del editor, distribuidor, etc. [s.n.],
Fecha de publicación, distribución, etc. 1960 (
Fabricante S. Aguirre Torre)
300 ## - DESCRIPCIÓN FÍSICA
Extensión 58 p. p. ;
Dimensiones 25 cm.
500 ## - NOTA GENERAL
Nota general Precede al tít.: Real Academia Española.
650 #4 - PUNTO DE ACCESO ADICIONAL DE MATERIA--TÉRMINO DE MATERIA
Término de materia o nombre geográfico como elemento de entrada Lenguaje-
Subdivisión general Filosofía.
9 (RLIN) 14344
700 1# - ENTRADA AGREGADA--NOMBRE PERSONAL
Nombre de persona Pemán, José María,
Fechas asociadas al nombre 1897-1981
9 (RLIN) 90130
852 ## - LOCALIZACIÓN
Ubicación ES-MaACL
Número de control de estantería F-M-III-F
Holdings
Estatus retirado Estado de pérdida Estado de daño No para préstamo Biblioteca de origen Biblioteca actual Ubicación en estantería Fecha de adquisición Fuente de adquisición Total de préstamos Signatura topográfica completa Código de barras Visto por última vez Precio de reemplazo Tipo de ítem Koha
        Biblioteca del Ateneo de Madrid Biblioteca del Ateneo de Madrid Administración 15/05/2005     F-M-III-F 1201951 23/02/2023 23/02/2023 Libro impreso